00366pab a2200133 454500008004000000100002300040245006800063260000900131300001100140362001100151650002500162700002500187773002000212180718b2006 xxu||||| |||| 00| 0 eng d aKumari, A. Santosh aKnowledge management issues and concerns: a need based approach c2006 ap.1-6. a13 Nov aKnowledge management aReddy, D. Raghunatha aUniversity News